000
00304nam a2200133Ia 4500
008
191201s2006 xx 000 0 und d
100
_a
Hall, Douglas V
245
0
_a
Microprocessor and Interfacing
250
_a
-
260
_c
2006
_b
TMH
_a
N.Delhi
300
_a
16.19
650
_a
CSE
942
_2
ddc
_c
BB
999
_c
7252
_d
7252